Desarrollo agroecológico y asociatividad campesina /
Nicaragua padece una crisis de sobrevivencia, crecimiento y sostenibilidad económico y ecológica sin precedente. En este contexto se inserta la propuesta para un desarrollo agroecológico a través de la asociatividad de los campesinos y resto de productores-trabajadores del sector rural, quienes son...
Αποθηκεύτηκε σε:
| Κύριος συγγραφέας: | |
|---|---|
| Άλλοι συγγραφείς: | |
| Μορφή: | Κείμενο |
| Έκδοση: |
Managua:
CIPRES
|
| Έκδοση: | 2 |
| Θέματα: | |
| Ετικέτες: |
Προσθήκη ετικέτας
Δεν υπάρχουν, Καταχωρήστε ετικέτα πρώτοι!
|
MARC
| LEADER | 00000 a a2200000 04500 | ||
|---|---|---|---|
| 001 | 35289 | ||
| 003 | |||
| 040 | |a CRAI/IIS |c CRAI/IIS | ||
| 090 | |a 0002 N973d | ||
| 100 | |a Núñez, Orlando | ||
| 245 | |a Desarrollo agroecológico y asociatividad campesina / |c Orlando Núñez | ||
| 250 | |a 2 | ||
| 260 | |a Managua: |b CIPRES | ||
| 300 | |a 566 p. | ||
| 520 | |a Nicaragua padece una crisis de sobrevivencia, crecimiento y sostenibilidad económico y ecológica sin precedente. En este contexto se inserta la propuesta para un desarrollo agroecológico a través de la asociatividad de los campesinos y resto de productores-trabajadores del sector rural, quienes son hoy por hoy una mayoría en la estructura económica del país. La propuesta se basa fundamentalmente en las posibilidades y viabilidades de nuestro país, nacidas de las experiencias y tendencias en marcha, así como de la consulta y discusión con aquellos sujetos y agentes económicos de lo que podría ser la nueva economía nicaragüense | ||
| 650 | |a MOVIMIENTOS CAMPESINOS | ||
| 650 | |a DESARROLLO AGRICOLA | ||
| 650 | |a POTENCIAL AGRICOLA | ||
| 650 | |a PROYECTOS AGRICOLAS | ||
| 650 | |a EQUILIBRIO ECOLOGICO | ||
| 650 | |a NICARAGUA | ||
| 700 | |a Cardenal, Gloria |a Morales, Juan | ||
| 999 | |c 12743 |d 12743 | ||
